000 00644nam a22002177a 4500
001 77262
003 BD-RjUL
005 20211209082942.0
008 200309s1964 enk||||| |||| 00| 0 eng d
035 _a(BD-RjUL)77487
040 _aBD-RjUL
_beng
_cBD-RjUL
041 _aeng
082 _223
_a821.3
_bSHS 1964
100 _aShakespeare, William,
_d1564-1616
_9240543
245 _aShakespeare's Sonnets /
_cEdited with an introduction and notes by A.L. Rowse.
260 _aLondon :
_bMacmillan & Co.:
_c1964
300 _axxxvii, 319 p.;
_b22 cm.
650 _aSonnets, English
_9240544
700 _aRowse, A.L.
_9240547
942 _2ddc
_cBK
999 _c77262
_d77262